Statistics for Suburbs by City in Canada

Click here to take the quiz!

General Stats

  • This quiz has been taken 15 times
  • The average score is 9 of 10

Answer Stats

HintAnswer% Correct
LongueuilMontreal
100%
GatineauOttawa
100%
LevisQuebec City
100%
BramptonToronto
100%
CoquitlamVancouver
100%
Sherwood ParkEdmonton
92%
WindsorDetroit
85%
WaterlooKitchener
85%
DartmouthHalifax
77%
BurlingtonHamilton
77%

Score Distribution

Percentile by Number Answered

Percent of People with Each Score

Your Score History

You have not taken this quiz